[Event "Tournoi francophone 008 Groupe D"]
[Site "Skype"]
[Date "????.??.??"]
[Round "7.4"]
[White "Douichi, Mohammed"]
[Black "Porcabeuf, Jean-Marc"]
[Result "0-1"]
[WhiteElo "1202"]
[BlackElo "1176"]
[PlyCount "30"]

1. e4 e6 2. Nf3 d5 3. e5 c5 4. d4 Ne7 5. Be3 Ng6 6. dxc5 Nd7 7. Bd4 Nxc5 8.
Bb5+ Bd7 9. Bxd7+ Nxd7 10. O-O Be7 11. Nc3 O-O 12. Qd3 Nf4 13. Qd2 Bg5 14. Nxg5
Qxg5 15. Kh1 Qxg2# 0-1

[Event "Tournoi francophone 008 Groupe D"]
[Site "Skype"]
[Date "????.??.??"]
[Round "7.5"]
[White "Maccaferri, Massimo"]
[Black "Moumtaz, Abderrahim"]
[Result "1-0"]
[WhiteElo "1241"]
[BlackElo "1280"]
[PlyCount "63"]

1. e4 e5 2. Bc4 Nf6 3. Nf3 Nxe4 4. Nxe5 d5 5. Bb3 Be7 6. Nxf7 Kxf7 7. Qf3+ Nf6
8. Bxd5+ Ke8 9. Bxb7 Bxb7 10. Qxb7 Nbd7 11. Nc3 Qb8 12. Qf3 Rf8 13. Qg3 Nh5 14.
Qe3 Nb6 15. b3 Qd8 16. Ba3 Nc8 17. O-O-O Nd6 18. Rde1 Rf7 19. g4 Nf4 20. Reg1
g5 21. h4 h6 22. hxg5 hxg5 23. Re1 Ng2 24. Rh8+ Rf8 25. Qxe7+ Qxe7 26. Rxe7+
Kd8 27. Rhh7 Re8 28. Rd7+ Kc8 29. Rxc7+ Kb8 30. Bxd6 Re1+ 31. Kb2 a6 32. Rh8+
1-0

[Event "Tournoi francophone 008 Groupe D"]
[Site "Skype"]
[Date "????.??.??"]
[Round "8.1"]
[White "Dhenain, Sebastien"]
[Black "Moumtaz, Abderrahim"]
[Result "0-1"]
[WhiteElo "1235"]
[BlackElo "1280"]
[PlyCount "116"]

1. e4 e5 2. Nf3 Nc6 3. d4 exd4 4. Bb5 Bc5 5. Bxc6 dxc6 6. O-O Nf6 7. Bg5 h6 8.
Bh4 g5 9. Bg3 Qe7 10. e5 Nd5 11. Nxd4 Be6 12. Nxe6 Qxe6 13. Qd2 O-O-O 14. Nc3
Nf6 15. Qe1 Ng4 16. h3 Nxe5 17. Bxe5 Rhe8 18. Qe4 Qxe5 19. Qxe5 Rxe5 20. a3 f5
21. Na4 Be7 22. Rfe1 Rxe1+ 23. Rxe1 Bd6 24. b4 g4 25. hxg4 fxg4 26. Nc5 Bxc5
27. bxc5 h5 28. g3 b6 29. cxb6 cxb6 30. Kg2 Kd7 31. Re5 Rh8 32. Re3 Re8 33.
Rd3+ Kc7 34. Kf1 a5 35. Kg2 Re7 36. Rd1 b5 37. Rh1 Rh7 38. Kf1 Kd6 39. Kg2 Ke6
40. Re1+ Kd6 41. Rd1+ Kc7 42. Re1 Kd7 43. Rd1+ Kc7 44. Re1 Rd7 45. Re5 Rh7 46.
Kg1 Kd6 47. Re1 Re7 48. Rd1+ Kc5 49. Rd3 Kc4 50. Rd6 Kc5 51. Rh6 Re5 52. Kg2 a4
53. c3 Kb6 54. Kg1 Rc5 55. Kg2 Rxc3 56. Rxh5 Rxa3 57. Rg5 Rb3 58. Rxg4 a3 0-1

[Event "Tournoi francophone 008 Groupe D"]
[Site "Skype"]
[Date "????.??.??"]
[Round "8.2"]
[White "Porcabeuf, Jean-Marc"]
[Black "Maccaferri, Massimo"]
[Result "0-1"]
[WhiteElo "1176"]
[BlackElo "1241"]
[PlyCount "36"]

1. d4 e5 2. dxe5 Nc6 3. Nf3 Qe7 4. e3 Nxe5 5. Nxe5 Qxe5 6. Nc3 Bb4 7. Bd2 d5 8.
Be2 Bxc3 9. Bxc3 Qg5 10. Bf3 Nf6 11. Bxf6 gxf6 12. c3 c6 13. O-O h5 14. h3 Bxh3
15. Re1 O-O-O 16. e4 Rdg8 17. Kh2 Bxg2 18. Rg1 Qf4# 0-1

[Event "Tournoi francophone 008 Groupe D"]
[Site "Skype"]
[Date "????.??.??"]
[Round "8.5"]
[White "Battaglia, Gabriele"]
[Black "Khabou, Taha"]
[Result "0-1"]
[WhiteElo "1286"]
[BlackElo "1293"]
[PlyCount "106"]

1. Nf3 Nf6 2. g3 e6 3. e4 d6 4. e5 dxe5 5. Nxe5 Qd5 6. Nf3 e5 7. Nc3 Qc6 8. d3
Bb4 9. Bd2 Bg4 10. Bg2 Nd5 11. O-O Nxc3 12. bxc3 Bxc3 13. Qb1 Bxa1 14. Nxe5 Qb6
15. Qxb6 axb6 16. Rxa1 Bc8 17. Bd5 f6 18. Nf3 Na6 19. Re1+ Kd8 20. c3 Re8 21.
Be3 Nc5 22. d4 Ne4 23. Rc1 Ra3 24. Bxe4 Rxe4 25. Rc2 Bf5 26. Rd2 Rxc3 27. d5
Ra4 28. Kf1 Be4 29. Ne1 Rca3 30. d6 Rxa2 31. dxc7+ Kxc7 32. Rd1 Rc4 33. Kg1 b5
34. Kf1 b4 35. f3 Bg6 36. g4 b3 37. f4 Be4 38. Bd4 b2 39. Bxb2 Rxb2 40. h4 Bc2
41. Rd2 Rxf4+ 42. Ke2 Re4+ 43. Kf2 Rc4 44. Ke2 b5 45. Nf3 b4 46. g5 fxg5 47.
Nxg5 b3 48. h5 Ra2 49. Ne6+ Kb6 50. Rd6+ Rc6 51. Rxc6+ Kxc6 52. Nd4+ Kc5 53.
Nxc2 Rxc2+ 0-1

[Event "Tournoi francophone 008 Groupe D"]
[Site "Skype"]
[Date "????.??.??"]
[Round "9.1"]
[White "Khabou, Taha"]
[Black "Dhenain, Sebastien"]
[Result "1/2-1/2"]
[WhiteElo "1293"]
[BlackElo "1235"]
[PlyCount "86"]

1. d4 d5 2. c4 e6 3. Nc3 Nf6 4. Bg5 Bb4 5. Bxf6 Bxc3+ 6. bxc3 Qxf6 7. cxd5 exd5
8. g3 Bf5 9. Bg2 Be4 10. Nf3 O-O 11. O-O Nc6 12. Qb3 b6 13. Nh4 Bxg2 14. Nxg2
Rad8 15. Nf4 Na5 16. Qb5 c6 17. Qa6 Ra8 18. Qd3 Rac8 19. e4 dxe4 20. Qxe4 Rfe8
21. Qf3 g5 22. Qg4 Kf8 23. Nh5 Qg6 24. Rfd1 Rcd8 25. Rd2 Re4 26. Qh3 Rde8 27.
Rad1 Qd6 28. Rd3 Qd5 29. Nf6 Re1+ 30. Rxe1 Rxe1+ 31. Qf1 Qe6 32. Nd7+ Ke8 33.
Nf6+ Ke7 34. Re3 Rxe3 35. fxe3 Qxe3+ 36. Kh1 Qe6 37. Nxh7 Qe4+ 38. Kg1 Qxh7 39.
Qa6 Qb1+ 40. Kg2 Qc2+ 41. Kh3 Qf5+ 42. Kg2 Qc2+ 43. Kh3 Qf5+ 1/2-1/2

[Event "Tournoi francophone 008 Groupe D"]
[Site "Skype"]
[Date "????.??.??"]
[Round "9.3"]
[White "Douichi, Mohammed"]
[Black "Rodriguez, Nathalie"]
[Result "1-0"]
[WhiteElo "1202"]
[BlackElo "1308"]
[PlyCount "39"]

1. c4 Nc6 2. d4 d5 3. Nc3 dxc4 4. e4 Nxd4 5. Bxc4 e6 6. Be3 Bc5 7. e5 Ne7 8.
Ne4 Bb6 9. Bg5 h6 10. Be3 Nef5 11. Bd2 c6 12. Nf3 O-O 13. O-O Nxf3+ 14. Qxf3
Nd4 15. Qd1 f6 16. exf6 Nb5 17. Bxe6+ Bxe6 18. Qf3 Nd6 19. Qg3 Nxe4 20. Qxg7#
1-0

[Event "Tournoi francophone 008 Groupe D"]
[Site "Skype"]
[Date "????.??.??"]
[Round "9.5"]
[White "Moumtaz, Abderrahim"]
[Black "Porcabeuf, Jean-Marc"]
[Result "1-0"]
[WhiteElo "1280"]
[BlackElo "1176"]
[PlyCount "57"]

1. d4 d5 2. c4 Nf6 3. cxd5 Nxd5 4. e4 Nf6 5. Nc3 e5 6. dxe5 Qxd1+ 7. Nxd1 Nxe4
8. Bd3 Nc5 9. Bc2 Be7 10. Nf3 O-O 11. O-O Nbd7 12. Nc3 f6 13. Re1 b6 14. Nd5
Nxe5 15. Nxe7+ Kh8 16. Nxe5 fxe5 17. Rxe5 Bb7 18. Nd5 Rad8 19. Nxc7 Rd1+ 20.
Bxd1 Ne4 21. Bf3 Rd8 22. Bg5 Nxg5 23. Rxg5 Bxf3 24. gxf3 Rf8 25. Kg2 h6 26. Rg3
Rf7 27. Ne6 Kh7 28. f4 Rxf4 29. Nxf4 1-0